[Event "POL-chT 2nd League"]
[Site "Jastrzebia Gora"]
[Date "2022.09.11"]
[Round "9.59"]
[White "Wandzik, Wojciech"]
[Black "Klepek, Witold"]
[Result "1/2-1/2"]
[WhiteElo "2408"]
[BlackElo "2182"]
[PlyCount "23"]
[EventDate "2022.09.03"]
[EventType "team-swiss"]
[EventRounds "9"]
[EventCountry "POL"]
[SourceTitle "CBM 210 Extra"]
[Source "ChessBase"]
[SourceDate "2022.11.30"]
[SourceVersion "1"]
[SourceVersionDate "2022.11.30"]
[SourceQuality "1"]
[WhiteTeam "Gliwice Politechnika Slaska"]
[BlackTeam "Krakow AGH"]
[WhiteTeamCountry "POL"]
[BlackTeamCountry "POL"]

1. e4 e6 2. d4 d5 3. Nd2 c5 4. dxc5 Nf6 5. Bd3 dxe4 6. Nxe4 Nxe4 7. Bxe4 Qxd1+ 8. Kxd1 Bxc5 9. Ke2 Nd7 10. Nf3 Nf6 11. Bd3 Ke7 12. a3 1/2-1/2

[Event "POL-chT 2nd League"]
[Site "Poronin"]
[Date "2020.09.13"]
[Round "9.14"]
[White "Smagalski, Slawomir"]
[Black "Wandzik, Wojciech"]
[Result "0-1"]
[WhiteElo "1940"]
[BlackElo "2422"]
[PlyCount "74"]
[EventDate "2020.09.05"]
[EventType "team-swiss"]
[EventRounds "9"]
[EventCountry "POL"]
[SourceTitle "CBM 198 Extra"]
[Source "ChessBase"]
[SourceDate "2020.11.30"]
[SourceVersion "1"]
[SourceVersionDate "2020.11.30"]
[SourceQuality "1"]
[WhiteTeam "Konin Hetman"]
[BlackTeam "Gliwice Politechnika Slaska"]
[WhiteTeamCountry "POL"]
[BlackTeamCountry "POL"]

1. Nf3 d5 2. c4 d4 3. g3 Nc6 4. d3 e5 5. Bg2 a5 6. 0-0 Nf6 7. e4 Be7 8. h3 Be6 9. Kh2 h5 10. Qa4 Nd7 11. Na3 g5 12. Qd1 g4 13. Ne1 h4 14. b3 Nf6 15. Nac2 Qd7 16. a3 0-0-0 17. b4 Rdg8 18. bxa5 gxh3 19. Bf3 Ng4+ 20. Bxg4 Bxg4 21. Qd2 Bg5 22. Qxg5 Rxg5 23. Bxg5 Be2 24. Rg1 f5 25. Nb4 fxe4 26. Ra2 exd3 27. Nbxd3 Bxd3 28. Nxd3 Qf5 29. Nc5 Qxg5 30. a6 bxa6 31. Nxa6 e4 32. Rb2 Rg8 33. Rb5 hxg3+ 34. Rxg3 Qf4 35. Kxh3 Rxg3+ 36. fxg3 Qf1+ 37. Kh4 Qxc4 0-1

[Event "POL-chT 2nd League"]
[Site "Poronin"]
[Date "2020.09.11"]
[Round "7.15"]
[White "Wandzik, Wojciech"]
[Black "Lapaj, Mateusz"]
[Result "1/2-1/2"]
[WhiteElo "2422"]
[BlackElo "2235"]
[PlyCount "72"]
[EventDate "2020.09.05"]
[EventType "team-swiss"]
[EventRounds "9"]
[EventCountry "POL"]
[SourceTitle "CBM 198 Extra"]
[Source "ChessBase"]
[SourceDate "2020.11.30"]
[SourceVersion "1"]
[SourceVersionDate "2020.11.30"]
[SourceQuality "1"]
[WhiteTeam "Gliwice Politechnika Slaska"]
[BlackTeam "Jaworzno"]
[WhiteTeamCountry "POL"]
[BlackTeamCountry "POL"]

1. e4 c5 2. Nf3 Nc6 3. Bb5 g6 4. Bxc6 dxc6 5. h3 Bg7 6. d3 Nf6 7. Nc3 0-0 8. Be3 b6 9. Qd2 e5 10. Bh6 Qd6 11. g4 a5 12. Ne2 c4 13. Bxg7 Kxg7 14. g5 Nd7 15. dxc4 Qe6 16. b3 f5 17. Qc3 fxe4 18. Nd2 Nc5 19. Qe3 Qe7 20. Ng3 Bf5 21. h4 Ne6 22. Ndxe4 Nd4 23. 0-0-0 Bxe4 24. Qxe4 Rf4 25. Rxd4 Rxe4 26. Rxe4 a4 27. Re2 Qb4 28. Ne4 b5 29. Rd1 Qa3+ 30. Kb1 axb3 31. Rd7+ Kf8 32. cxb3 bxc4 33. Nf6 cxb3 34. Nxh7+ Kg8 35. Nf6+ Kf8 36. Nh7+ Kg8 1/2-1/2

[Event "POL-chT 2nd League"]
[Site "Poronin"]
[Date "2020.09.10"]
[Round "6.13"]
[White "Grela, Kacper"]
[Black "Wandzik, Wojciech"]
[Result "1/2-1/2"]
[WhiteElo "2377"]
[BlackElo "2422"]
[PlyCount "59"]
[EventDate "2020.09.05"]
[EventType "team-swiss"]
[EventRounds "9"]
[EventCountry "POL"]
[SourceTitle "CBM 198 Extra"]
[Source "ChessBase"]
[SourceDate "2020.11.30"]
[SourceVersion "1"]
[SourceVersionDate "2020.11.30"]
[SourceQuality "1"]
[WhiteTeam "Legnica Miedz"]
[BlackTeam "Gliwice Politechnika Slaska"]
[WhiteTeamCountry "POL"]
[BlackTeamCountry "POL"]

1. d4 Nf6 2. c4 e6 3. Nc3 Bb4 4. e3 0-0 5. Nge2 d5 6. a3 Be7 7. cxd5 exd5 8. Nf4 a5 9. Bd3 c6 10. 0-0 Na6 11. Bd2 Nc7 12. Rb1 Ne6 13. Nxe6 Bxe6 14. b4 axb4 15. axb4 b5 16. Ne2 Bd6 17. Nf4 Bxf4 18. exf4 Qd7 19. Qc2 g6 20. Ra1 Rfc8 21. Rfc1 Rxa1 22. Rxa1 Ne8 23. Qc5 Nd6 24. Ra7 Rc7 25. Rxc7 Qxc7 26. f5 Bxf5 27. Bf4 Bxd3 28. Bxd6 Qd7 29. Be5 Qe6 30. Qd6 1/2-1/2

[Event "POL-chT 2nd League"]
[Site "Poronin"]
[Date "2020.09.08"]
[Round "4.15"]
[White "Wandzik, Wojciech"]
[Black "Szmyd, Arkadiusz"]
[Result "1/2-1/2"]
[WhiteElo "2422"]
[BlackElo "2104"]
[PlyCount "50"]
[EventDate "2020.09.05"]
[EventType "team-swiss"]
[EventRounds "9"]
[EventCountry "POL"]
[SourceTitle "CBM 198 Extra"]
[Source "ChessBase"]
[SourceDate "2020.11.30"]
[SourceVersion "1"]
[SourceVersionDate "2020.11.30"]
[SourceQuality "1"]
[WhiteTeam "Gliwice Politechnika Slaska"]
[BlackTeam "Zory Roszada"]
[WhiteTeamCountry "POL"]
[BlackTeamCountry "POL"]

1. e4 c6 2. d4 d5 3. Nd2 dxe4 4. Nxe4 Bf5 5. Ng3 Bg6 6. h4 h6 7. Nf3 Nd7 8. h5 Bh7 9. Bd3 Bxd3 10. Qxd3 e6 11. Bd2 Ngf6 12. 0-0-0 Be7 13. Kb1 0-0 14. c4 b5 15. Ka1 bxc4 16. Qxc4 Qb6 17. Be3 Rab8 18. Rd2 Nd5 19. Ne4 Qa5 20. Rd3 N7b6 21. Qc1 Nb4 22. Ra3 Qd5 23. Nfd2 Nc4 24. Nxc4 Qxe4 25. Rc3 Bf6 1/2-1/2

[Event "POL-chT 2nd League"]
[Site "Jastrzebia Gora"]
[Date "2019.09.14"]
[Round "8.4"]
[White "Wandzik, Wojciech"]
[Black "Bator, Robert"]
[Result "1/2-1/2"]
[WhiteElo "2409"]
[BlackElo "2358"]
[PlyCount "68"]
[EventDate "2019.09.07"]
[EventType "team-swiss"]
[EventRounds "9"]
[EventCountry "POL"]
[SourceTitle "EXT 2020"]
[Source "ChessBase"]
[SourceDate "2019.10.17"]
[SourceVersion "1"]
[SourceVersionDate "2019.10.17"]
[SourceQuality "1"]
[WhiteTeam "Gliwice Politechnika Slaska"]
[BlackTeam "Stara Wies Parnas"]
[WhiteTeamCountry "POL"]
[BlackTeamCountry "POL"]

1. e4 c5 2. Nf3 Nc6 3. Bb5 g6 4. 0-0 Bg7 5. Re1 Nf6 6. c3 0-0 7. h3 Qb6 8. Na3 d5 9. e5 Ne8 10. d4 cxd4 11. cxd4 Nc7 12. Bf1 Bf5 13. g4 Be4 14. Nc4 Qa6 15. Ncd2 Bxf3 16. Nxf3 Qb6 17. Be3 f6 18. Qd2 Ne6 19. Bg2 fxe5 20. dxe5 d4 21. Bh6 Bxh6 22. Qxh6 Qxb2 23. Rab1 Qxa2 24. Rxb7 Rf4 25. Rc1 Ncd8 26. Rxe7 Nf7 27. Rxf7 Rxf7 28. Ng5 Qxf2+ 29. Kh1 Nxg5 30. Bxa8 Ne6 31. Bd5 Kh8 32. Bxe6 Qf3+ 33. Kg1 Qf2+ 34. Kh1 Qf3+ 1/2-1/2

[Event "POL-chT 2nd League"]
[Site "Jastrzebia Gora"]
[Date "2019.09.13"]
[Round "7.7"]
[White "Snihur, Piotr"]
[Black "Wandzik, Wojciech"]
[Result "0-1"]
[WhiteElo "2232"]
[BlackElo "2409"]
[PlyCount "74"]
[EventDate "2019.09.07"]
[EventType "team-swiss"]
[EventRounds "9"]
[EventCountry "POL"]
[SourceTitle "EXT 2020"]
[Source "ChessBase"]
[SourceDate "2019.10.17"]
[SourceVersion "1"]
[SourceVersionDate "2019.10.17"]
[SourceQuality "1"]
[WhiteTeam "Konin UKS Smecz"]
[BlackTeam "Gliwice Politechnika Slaska"]
[WhiteTeamCountry "POL"]
[BlackTeamCountry "POL"]

1. d4 Nf6 2. c4 e6 3. Nc3 Bb4 4. e3 0-0 5. Nge2 d5 6. a3 Bxc3+ 7. Nxc3 b6 8. Bd3 Ba6 9. b3 c5 10. dxc5 dxc4 11. bxc4 Nbd7 12. 0-0 Nxc5 13. Be2 Qxd1 14. Rxd1 Nfe4 15. Nxe4 Nxe4 16. Bb2 Rac8 17. Rd7 Bxc4 18. Bxc4 Rxc4 19. f3 Nc5 20. Rxa7 Rd8 21. Bd4 h5 22. Ra2 h4 23. Bxc5 bxc5 24. Kf2 Rc1 25. Rb7 Rdd1 26. e4 Rf1+ 27. Ke2 Rce1+ 28. Kd3 h3 29. gxh3 Rxf3+ 30. Kc4 Rxe4+ 31. Kb5 Rb3+ 32. Kc6 c4 33. Rxb3 cxb3 34. Rb2 f5 35. Kb5 f4 36. a4 f3 37. Rxb3 f2 0-1

[Event "POL-chT 1st League"]
[Site "Pokrzywna"]
[Date "2018.09.09"]
[Round "9.3"]
[White "Wandzik, Wojciech"]
[Black "Markowski, Tomasz"]
[Result "1/2-1/2"]
[WhiteElo "2417"]
[BlackElo "2562"]
[PlyCount "124"]
[EventDate "2018.09.01"]
[EventType "team-tourn"]
[EventRounds "9"]
[EventCountry "POL"]
[SourceTitle "CBM 186 Extra"]
[Source "ChessBase"]
[SourceDate "2018.08.24"]
[SourceVersion "1"]
[SourceVersionDate "2018.08.24"]
[SourceQuality "1"]
[WhiteTeam "Gliwice Politechnika Slaska"]
[BlackTeam "Raciborz Silesia"]
[WhiteTeamCountry "POL"]
[BlackTeamCountry "POL"]

1. e4 c5 2. Nf3 e6 3. d4 cxd4 4. Nxd4 a6 5. Bd3 Nf6 6. 0-0 d6 7. c4 Nc6 8. Nxc6 bxc6 9. Nc3 Be7 10. Qe2 0-0 11. Rd1 Qc7 12. Be3 c5 13. Bf4 Nd7 14. Bc2 Ne5 15. Ba4 Bf6 16. Rd2 Rd8 17. Rad1 Rb8 18. Bg3 Bb7 19. Kh1 h6 20. h3 Ba8 21. b3 Qa5 22. Nb1 Qb6 23. Kh2 Qc7 24. Kh1 Rb6 25. Nc3 Rbb8 26. Kh2 Qe7 27. Kh1 Ng6 28. Qf3 Bd4 29. Ne2 Be5 30. Bxe5 Nxe5 31. Qf4 Qc7 32. f3 Ng6 33. Qg3 e5 34. Nc3 Nf4 35. Nd5 Bxd5 36. cxd5 Qe7 37. Qf2 Rf8 38. Qf1 Rb6 39. Bc6 f5 40. exf5 Rxf5 41. Re1 Nh5 42. Kg1 Nf6 43. Qc4 Qa7 44. Qc3 Rb4 45. Kh2 Qb6 46. Qc2 Rff4 47. Qg6 Qa7 48. Ree2 Qf7 49. Qd3 Rb6 50. Qc3 Rfb4 51. Kg1 Qg6 52. Re1 Qg3 53. Rb1 Rb8 54. Qd3 Qg5 55. Rbd1 e4 56. fxe4 Nxe4 57. Re2 Rd4 58. Qxd4 cxd4 59. Rxe4 d3 60. Rxd3 Qc1+ 61. Kh2 Qc2 62. Rde3 Rf8 1/2-1/2

[Event "POL-chT 1st League"]
[Site "Pokrzywna"]
[Date "2018.09.05"]
[Round "5.5"]
[White "Wandzik, Wojciech"]
[Black "Jaracz, Pawel"]
[Result "1/2-1/2"]
[WhiteElo "2417"]
[BlackElo "2453"]
[PlyCount "62"]
[EventDate "2018.09.01"]
[EventType "team-tourn"]
[EventRounds "9"]
[EventCountry "POL"]
[SourceTitle "CBM 186 Extra"]
[Source "ChessBase"]
[SourceDate "2018.08.24"]
[SourceVersion "1"]
[SourceVersionDate "2018.08.24"]
[SourceQuality "1"]
[WhiteTeam "Gliwice Politechnika Slaska"]
[BlackTeam "Znin Baszta"]
[WhiteTeamCountry "POL"]
[BlackTeamCountry "POL"]

1. e4 c5 2. Nf3 e6 3. d4 cxd4 4. Nxd4 Nc6 5. Nc3 d6 6. Be2 Nf6 7. 0-0 a6 8. Be3 Bd7 9. f4 Be7 10. Kh1 0-0 11. Qe1 Nxd4 12. Bxd4 Bc6 13. Qg3 b5 14. a3 Qd7 15. Rae1 a5 16. Bd3 b4 17. axb4 axb4 18. Nd1 Bb5 19. c4 bxc3 20. bxc3 Bxd3 21. Qxd3 e5 22. Bg1 Rfc8 23. Ne3 Ra3 24. Nc4 Qb5 25. Nxe5 Qxd3 26. Nxd3 Raxc3 27. Rf3 R8c4 28. e5 dxe5 29. Nxe5 Rxf3 30. Nxf3 Bb4 31. Rd1 h6 1/2-1/2

[Event "POL-chT 1st League"]
[Site "Pokrzywna"]
[Date "2018.09.02"]
[Round "2.3"]
[White "Wandzik, Wojciech"]
[Black "Chojnacki, Krzysztof"]
[Result "0-1"]
[WhiteElo "2417"]
[BlackElo "2352"]
[PlyCount "74"]
[EventDate "2018.09.01"]
[EventType "team-tourn"]
[EventRounds "9"]
[EventCountry "POL"]
[SourceTitle "CBM 186 Extra"]
[Source "ChessBase"]
[SourceDate "2018.08.24"]
[SourceVersion "1"]
[SourceVersionDate "2018.08.24"]
[SourceQuality "1"]
[WhiteTeam "Gliwice Politechnika Slaska"]
[BlackTeam "Chrobry Gniezno"]
[WhiteTeamCountry "POL"]
[BlackTeamCountry "POL"]

1. e4 d6 2. d4 Nf6 3. Nc3 g6 4. g3 Bg7 5. Bg2 0-0 6. Nge2 e5 7. 0-0 c6 8. a4 a5 9. h3 Na6 10. Re1 Nb4 11. Be3 Be6 12. Qd2 Bc4 13. Rad1 Qc7 14. g4 Rad8 15. d5 h5 16. gxh5 Nxh5 17. Bf3 Nf6 18. Ng3 cxd5 19. exd5 Rde8 20. Rc1 Qd7 21. Bg2 Nh7 22. b3 Ba6 23. Bb6 e4 24. Ncxe4 f5 25. c3 Nd3 26. Rcd1 Nxe1 27. Rxe1 fxe4 28. Nxe4 Nf6 29. Nxf6+ Bxf6 30. Re6 Kh7 31. Qe3 Be5 32. Rxe8 Rxe8 33. Qd2 Be2 34. Be3 Bh5 35. c4 Qf5 36. c5 dxc5 37. d6 Rd8 0-1

[Event "POL-ch Academic"]
[Site "Katowice"]
[Date "2018.02.03"]
[Round "7"]
[White "Kowalczyk, Rafal"]
[Black "Wandzik, Wojciech"]
[Result "0-1"]
[WhiteElo "2209"]
[BlackElo "2404"]
[PlyCount "70"]
[EventDate "2018.02.02"]
[EventType "swiss (rapid)"]
[EventRounds "9"]
[EventCountry "POL"]
[SourceTitle "CBM 182 Extra"]
[Source "ChessBase"]
[SourceDate "2018.02.23"]
[SourceVersion "1"]
[SourceVersionDate "2018.02.23"]
[SourceQuality "1"]

1. e4 c5 2. c3 d5 3. exd5 Qxd5 4. d4 Nf6 5. dxc5 Qxc5 6. Na3 Bd7 7. Nf3 e6 8. Qb3 Qc8 9. Bf4 Nd5 10. Bg3 Bc5 11. Nc4 0-0 12. Nd6 Bxd6 13. Bxd6 Rd8 14. c4 Nf6 15. Be2 Ne4 16. Bf4 Bc6 17. 0-0 Nd7 18. Rfd1 f6 19. Nd4 Ndc5 20. Qc2 Rxd4 21. Rxd4 e5 22. b4 exd4 23. bxc5 Nxc5 24. Bd3 Nxd3 25. Qxd3 Qg4 26. Bg3 Rd8 27. f3 Qg6 28. Rd1 Ba4 29. Qxg6 hxg6 30. Rd2 d3 31. c5 Kf7 32. Kf2 Ke6 33. Ke3 Bc2 34. Bd6 Kd5 35. Be7 Re8 0-1

[Event "POL-ch Academic"]
[Site "Katowice"]
[Date "2018.02.03"]
[Round "9"]
[White "Wandzik, Wojciech"]
[Black "Eggink, Ryszard"]
[Result "1-0"]
[WhiteElo "2404"]
[BlackElo "2343"]
[PlyCount "155"]
[EventDate "2018.02.02"]
[EventType "swiss (rapid)"]
[EventRounds "9"]
[EventCountry "POL"]
[SourceTitle "CBM 182 Extra"]
[Source "ChessBase"]
[SourceDate "2018.02.23"]
[SourceVersion "1"]
[SourceVersionDate "2018.02.23"]
[SourceQuality "1"]

1. e4 c5 2. Nf3 d6 3. Bb5+ Bd7 4. Bxd7+ Qxd7 5. 0-0 Nc6 6. c3 Nf6 7. Re1 g6 8. d4 cxd4 9. cxd4 Bg7 10. Nc3 0-0 11. Bg5 h6 12. Bh4 Rfd8 13. Qe2 g5 14. d5 gxh4 15. dxc6 bxc6 16. Nxh4 Qg4 17. Nf5 Qxe2 18. Rxe2 Kf8 19. Rd1 Ne8 20. Rc2 Rab8 21. b3 e6 22. Nxg7 Kxg7 23. Ne2 Rbc8 24. f3 c5 25. Kf2 Kf6 26. Ke3 Ke7 27. Rc4 Nf6 28. Ra4 Rc7 29. Ra6 d5 30. Ng3 d4+ 31. Ke2 Rd6 32. Rxd6 Kxd6 33. f4 Ng4 34. Nf1 e5 35. h3 Nf6 36. Nd2 exf4 37. Rf1 Nh5 38. Kf3 f5 39. exf5 Ke5 40. Re1+ Kxf5 41. Nc4 Kf6 42. Re5 Ng7 43. Kxf4 Ne6+ 44. Ke4 Rd7 45. Rf5+ Ke7 46. Ne5 Rd6 47. Rf7+ Ke8 48. Rxa7 d3 49. Nxd3 Rd4+ 50. Ke3 c4 51. bxc4 Rxc4 52. Ne5 Rc2 53. Ng6 Kd8 54. g3 Rc3+ 55. Kf2 Ng5 56. Ne5 Ne4+ 57. Kg2 Rxg3+ 58. Kh2 Re3 59. Nf7+ Ke8 60. Nxh6 Re2+ 61. Kg1 Ng5 62. Kf1 Rh2 63. Nf5 Nxh3 64. Ke1 Nf4 65. Nd6+ Kd8 66. Kd1 Nd3 67. Nc4 Nb4 68. a3 Nc6 69. Rg7 Nd4 70. a4 Ra2 71. Nb6 Nc6 72. Rd7+ Ke8 73. Rd6 Nb8 74. Rh6 Nd7 75. Rh8+ Ke7 76. Rh7+ Ke6 77. Rxd7 Rxa4 78. Rb7 1-0

[Event "POL-ch Academic"]
[Site "Katowice"]
[Date "2018.02.02"]
[Round "6"]
[White "Wandzik, Wojciech"]
[Black "Adamowicz, Maciej"]
[Result "1-0"]
[WhiteElo "2404"]
[BlackElo "2130"]
[PlyCount "127"]
[EventDate "2018.02.02"]
[EventType "swiss (rapid)"]
[EventRounds "9"]
[EventCountry "POL"]
[SourceTitle "CBM 182 Extra"]
[Source "ChessBase"]
[SourceDate "2018.02.23"]
[SourceVersion "1"]
[SourceVersionDate "2018.02.23"]
[SourceQuality "1"]

1. e4 c5 2. Nf3 g6 3. c4 Nc6 4. d4 cxd4 5. Nxd4 Nf6 6. Nc3 d6 7. Be2 Nxd4 8. Qxd4 Bg7 9. Be3 0-0 10. Qd2 a5 11. 0-0 a4 12. f3 Qa5 13. Rab1 Be6 14. Rfc1 Rfc8 15. b4 axb3 16. axb3 Qb4 17. Nb5 Qxd2 18. Bxd2 Ra2 19. Rd1 Nd7 20. Kf1 Nc5 21. Be1 Kf8 22. Rd2 Rca8 23. b4 Nd7 24. Nc7 R8a3 25. Rxa2 Rxa2 26. Bf2 Rc2 27. Nxe6+ fxe6 28. f4 e5 29. g3 exf4 30. gxf4 Nf6 31. e5 dxe5 32. fxe5 Ne4 33. Be1 Bxe5 34. Bd3 Nd2+ 35. Ke2 Nxb1+ 36. Bxc2 Na3 37. Bd3 Bxh2 38. Bc3 e5 39. Kf3 Nxc4 40. Bxc4 Ke7 41. Ke4 Kf6 42. b5 b6 43. Be1 Bg1 44. Bg8 h5 45. Bc4 g5 46. Be2 h4 47. Bg4 Bd4 48. Bd2 Bc5 49. Bc3 Bd6 50. Bb2 Bc5 51. Bxe5+ Kg6 52. Kd5 Kf7 53. Bc7 Ke7 54. Ke4 Bf2 55. Kf5 Be3 56. Be5 Bd2 57. Bd4 Kd6 58. Bxb6 Kd5 59. Bd8 Kc5 60. b6 Kc6 61. Bf3+ Kd7 62. b7 Bf4 63. Bxg5 Bc7 64. Bxh4 1-0

[Event "POL-chT 2nd League"]
[Site "Szklarska Poreba"]
[Date "2017.09.09"]
[Round "8.6"]
[White "Czerw, Dawid"]
[Black "Wandzik, Wojciech"]
[Result "0-1"]
[WhiteElo "2260"]
[BlackElo "2396"]
[PlyCount "102"]
[EventDate "2017.09.02"]
[EventType "team-swiss"]
[EventRounds "9"]
[EventCountry "POL"]
[SourceTitle "CBM 180 Extra"]
[Source "ChessBase"]
[SourceDate "2017.10.06"]
[SourceVersion "1"]
[SourceVersionDate "2017.10.06"]
[SourceQuality "1"]
[WhiteTeam "Jastrzebie Zdroj Pionier"]
[BlackTeam "Gliwice Politechnika Slaska"]
[WhiteTeamCountry "POL"]
[BlackTeamCountry "POL"]

1. d4 Nf6 2. c4 e6 3. Nf3 b6 4. g3 Ba6 5. Qc2 Bb4+ 6. Bd2 Be7 7. e4 d5 8. cxd5 Bxf1 9. Kxf1 exd5 10. e5 Ne4 11. Nc3 Nxc3 12. bxc3 c5 13. h4 Nc6 14. Re1 Qd7 15. e6 fxe6 16. Ng5 Bxg5 17. hxg5 cxd4 18. Rxh7 0-0-0 19. g6 e5 20. cxd4 e4 21. Rc1 Rxh7 22. gxh7 Kb7 23. Kg2 Rh8 24. Rh1 Qf5 25. Rc1 Qf3+ 26. Kg1 Qf6 27. a4 Rxh7 28. a5 Rh8 29. Qa4 Rc8 30. Bf4 a6 31. axb6 Qxd4 32. Qb3 Na5 33. Rxc8 Nxb3 34. Rb8+ Kc6 35. Rc8+ Kb7 36. Rb8+ Kc6 37. Rc8+ Kxb6 38. Be3 Kb7 39. Bxd4 Kxc8 40. Bxg7 Kd7 41. Kf1 d4 42. Ke2 Ke6 43. g4 a5 44. f4 a4 45. Bf8 d3+ 46. Ke3 d2 47. Ke2 e3 48. f5+ Kd5 49. Bb4 Nc1+ 50. Kd1 Nd3 51. Bxd2 exd2 0-1

[Event "POL-chT 2nd League"]
[Site "Szklarska Poreba"]
[Date "2017.09.06"]
[Round "5.3"]
[White "Wandzik, Wojciech"]
[Black "Tomaszewski, Kacper"]
[Result "0-1"]
[WhiteElo "2396"]
[BlackElo "2221"]
[PlyCount "84"]
[EventDate "2017.09.02"]
[EventType "team-swiss"]
[EventRounds "9"]
[EventCountry "POL"]
[SourceTitle "CBM 180 Extra"]
[Source "ChessBase"]
[SourceDate "2017.10.06"]
[SourceVersion "1"]
[SourceVersionDate "2017.10.06"]
[SourceQuality "1"]
[WhiteTeam "Gliwice Politechnika Slaska"]
[BlackTeam "Rybnik"]
[WhiteTeamCountry "POL"]
[BlackTeamCountry "POL"]

1. e4 c5 2. Nf3 e6 3. d4 cxd4 4. Nxd4 Nf6 5. Nc3 d6 6. Be2 Be7 7. 0-0 0-0 8. Be3 a6 9. f4 Qc7 10. Qe1 b5 11. Bf3 Bb7 12. a3 Nbd7 13. Qg3 Nc5 14. f5 e5 15. Bh6 Ne8 16. Nb3 Kh8 17. Be3 Nf6 18. Nd2 Rfd8 19. Rac1 Rac8 20. Kh1 Qb8 21. Nd5 Bxd5 22. exd5 Na4 23. Qh3 Nxb2 24. g4 Nc4 25. Nxc4 Rxc4 26. g5 Ng8 27. Be2 Ra4 28. f6 gxf6 29. gxf6 Bxf6 30. Rxf6 Nxf6 31. Rf1 Qc8 32. Qh6 Ng8 33. Qg5 f5 34. Rxf5 Rf8 35. Bd3 Rxf5 36. Bxf5 Qc7 37. Qh5 Qg7 38. Bg5 Rxa3 39. h4 h6 40. Be6 Qh7 41. Bxg8 Qe4+ 42. Kg1 Qe1+ 0-1

[Event "POL-chT 2nd League"]
[Site "Jastrzebia Gora"]
[Date "2016.09.09"]
[Round "7.13"]
[White "Wandzik, Wojciech"]
[Black "Sopur, Lech"]
[Result "0-1"]
[WhiteElo "2346"]
[BlackElo "2404"]
[PlyCount "94"]
[EventDate "2016.09.03"]
[EventType "team-swiss"]
[EventRounds "9"]
[EventCountry "POL"]
[SourceTitle "EXT 2017"]
[Source "ChessBase"]
[SourceDate "2016.10.25"]
[SourceVersion "1"]
[SourceVersionDate "2016.10.25"]
[SourceQuality "1"]
[WhiteTeam "Gliwice Politechnika Slaska"]
[BlackTeam "Lodz Okucia Budowlane"]
[WhiteTeamCountry "POL"]
[BlackTeamCountry "POL"]

1. e4 c5 2. Nf3 Nc6 3. d4 cxd4 4. Nxd4 Nf6 5. Nc3 e5 6. Ndb5 d6 7. Bg5 a6 8. Na3 b5 9. Nd5 Be7 10. Bxf6 Bxf6 11. c3 Bg5 12. Nc2 Ne7 13. a4 bxa4 14. Rxa4 Nxd5 15. exd5 0-0 16. Be2 Qb6 17. Rb4 Qa7 18. 0-0 a5 19. Rb3 Bd8 20. Kh1 Bd7 21. f4 Bf6 22. Bd3 Rab8 23. Rxb8 Qxb8 24. Qa1 Bb5 25. Bxb5 Qxb5 26. fxe5 Bxe5 27. Ne3 Re8 28. Ng4 Qxd5 29. Qa4 Rb8 30. Qd7 Qc4 31. Re1 h5 32. Nxe5 dxe5 33. Qf5 Rxb2 34. Qxe5 Rb5 35. Qe8+ Kh7 36. h3 Qxc3 37. Rf1 Qc4 38. Rxf7 a4 39. Kh2 a3 40. Qe7 Rg5 41. Rf3 Ra5 42. Rg3 Qd4 43. Qe6 Qf6 44. Qe4+ g6 45. Rd3 a2 46. Rd7+ Kh6 47. Qe3+ g5 0-1

[Event "POL-chT 2nd League"]
[Site "Jastrzebia Gora"]
[Date "2016.09.07"]
[Round "5.13"]
[White "Wandzik, Wojciech"]
[Black "Licznerski, Lukasz"]
[Result "1-0"]
[WhiteElo "2346"]
[BlackElo "2260"]
[PlyCount "51"]
[EventDate "2016.09.03"]
[EventType "team-swiss"]
[EventRounds "9"]
[EventCountry "POL"]
[SourceTitle "EXT 2017"]
[Source "ChessBase"]
[SourceDate "2016.10.25"]
[SourceVersion "1"]
[SourceVersionDate "2016.10.25"]
[SourceQuality "1"]
[WhiteTeam "Gliwice Politechnika Slaska"]
[BlackTeam "Gostynin Gostmat 83"]
[WhiteTeamCountry "POL"]
[BlackTeamCountry "POL"]

1. e4 c5 2. Nf3 d6 3. Bb5+ Bd7 4. Bxd7+ Qxd7 5. 0-0 Nf6 6. e5 dxe5 7. Nxe5 Qc7 8. d4 e6 9. Bf4 Bd6 10. Na3 Bxe5 11. dxe5 a6 12. exf6 Qxf4 13. fxg7 Rg8 14. g3 Rxg7 15. Qh5 Nd7 16. Rfe1 Ke7 17. Qd5 Qc7 18. Rad1 Nf6 19. Qf3 Rgg8 20. Nc4 Rad8 21. Ne3 Rxd1 22. Rxd1 Rc8 23. Ng4 Ne8 24. Nh6 f6 25. Qe4 Kf8 26. Qxe6 1-0

[Event "POL-ch U26 rapid"]
[Site "Hucisko"]
[Date "2016.01.16"]
[Round "8"]
[White "Chmiel, Marcin"]
[Black "Wandzik, Wojciech"]
[Result "1/2-1/2"]
[WhiteElo "2136"]
[BlackElo "2346"]
[PlyCount "136"]
[EventDate "2016.01.15"]
[EventType "swiss (rapid)"]
[EventRounds "9"]
[EventCountry "POL"]
[SourceTitle "CBM 170 Extra"]
[Source "ChessBase"]
[SourceDate "2016.02.25"]
[SourceVersion "1"]
[SourceVersionDate "2016.02.25"]
[SourceQuality "1"]

1. Nf3 c5 2. c4 Nf6 3. Nc3 g6 4. d4 cxd4 5. Nxd4 Bg7 6. e4 d6 7. Be2 Nc6 8. Be3 0-0 9. 0-0 Nxd4 10. Bxd4 Nd7 11. Bxg7 Kxg7 12. Bd3 Ne5 13. Qd2 Bd7 14. Rae1 Rc8 15. b3 Qb6 16. Bb1 Qc5 17. Kh1 a6 18. f4 Nc6 19. e5 Qd4 20. Qxd4 Nxd4 21. exd6 exd6 22. Ne4 Nf5 23. g4 Bc6 24. gxf5 gxf5 25. Kg1 fxe4 26. Bxe4 b5 27. Bxc6 Rxc6 28. cxb5 axb5 29. a4 bxa4 30. bxa4 Ra8 31. Re4 Rc2 32. Rf2 Rc1+ 33. Kg2 Kf6 34. Rd2 Rg8+ 35. Kf2 Rh1 36. Rxd6+ Kf5 37. Re7 Rxh2+ 38. Kf1 f6 39. Re2 Rg1+ 40. Kxg1 Rxe2 41. a5 Ra2 42. a6 h5 43. Rd5+ Kg4 44. Rd6 f5 45. Rh6 h4 46. Kh1 Kg3 47. Rg6+ Kxf4 48. Kg1 Kf3 49. Rh6 Kg3 50. Rg6+ Kh3 51. Rf6 Kg4 52. Rg6+ Kh5 53. Rf6 Kg5 54. Rb6 f4 55. Rc6 Kg4 56. Rg6+ Kf3 57. Kh1 h3 58. Rh6 Kg3 59. Rg6+ Kf2 60. Kh2 Ra3 61. Rf6 f3 62. Kxh3 Ra4 63. Re6 Ra3 64. Kh2 Kf1 65. Rb6 Ra2+ 66. Kg3 f2 67. Rb1+ Ke2 68. Kg2 Rxa6 1/2-1/2